000 00650nam a2200229Ia 4500
003 OSt
005 20220923230423.0
006 a|||||r|||| 00| 0
007 ta
008 Pun
024 _a281,763
037 _cTextual
040 _aARTS
_cARTS
_bPun
041 _2Pun
_aPun
082 _aO153,3N171:g, M9
100 _aਸਿੰਘ, ਪਰਫ਼ਟ
245 0 _aਨਰੂਲਾ ਦੇ ਨਾਵਲਾਂ ਵਿਚ ਮੱਧ ਵਰਗੀ ਚੇਤਨਾ
260 _c1989
650 _aਪੰਜਾਬੀ ਸਾਹਿਤ
942 _hO153,3N171:g, M9
_cTEXL
_2CC
999 _c384705
_d384705